Conceptual scheme : (Record no. 93557)

MARC details
000 -LEADER
fixed length control field 00621nam a22002057a 4500
005 - DATE AND TIME OF LATEST TRANSACTION
control field 20170712110926.0
010 ## - LCCN (DPL NO)
LC control number ENG-112983
020 ## - INTERNATIONAL STANDARD BOOK NUMBER
Terms of availability 100.00
International Standard Book Number 9789380036717
020 ## - INTERNATIONAL STANDARD BOOK NUMBER
Terms of availability 100.00
International Standard Book Number 938003671x
035 ## - SYSTEM CONTROL NUMBER
System control number EN-96515
037 ## - SOURCE OF ACQUISITION
Source of stock number/acquisition DBAD/PUB
082 ## - DEWEY DECIMAL CLASSIFICATION NUMBER
Classification number 121
100 ## - MAIN ENTRY--PERSONAL NAME
Personal name Sengupta, Kakali Ghosh
245 ## - TITLE STATEMENT
Title Conceptual scheme :
Statement of responsibility, etc by Kakali Ghosh Sengupta
Remainder of title theories of Kant, Quine Davidson and Strawson /
260 ## - PUBLICATION, DISTRIBUTION, ETC. (IMPRINT)
Place of publication, distribution, etc Kolkata
Name of publisher, distributor, etc Mitram
Date of publication, distribution, etc 2015
270 ## - ADDRESS
City Kolkata
Postal code 700073
Address 37A, College Street,
300 ## - PHYSICAL DESCRIPTION
Extent 103p.
Dimensions 24cm(Hb)
500 ## - GENERAL NOTE
General note Includes bibliographical references and index
942 ## - ADDED ENTRY ELEMENTS (KOHA)
Source of classification or shelving scheme Dewey Decimal Classification
Item type English Books
Call number suffix SEN
Holdings
Withdrawn status Lost status Not for loan Collection code Home library Current library Date acquired Source of acquisition Cost, normal purchase price Full call number Barcode Copy number Cost, replacement price Koha item type
      Non-fiction Central Jail Tihar Central Jail Tihar 13/05/2015 DBAD/PUB 100.00 121 SEN EN-96515 1 100.00 English Books

© Delhi Public Library
Hit Counter
free hit counter